| 000 | 00577cam a2200205 a 4500 | ||
|---|---|---|---|
| 001 | 3577273 | ||
| 005 | 20250203082108.0 | ||
| 008 | 981223s1999 maua 001 0 eng | ||
| 020 | _a0632044136 | ||
| 050 | 0 | 0 |
_aQR181 _b.S65 1999 |
| 082 | 0 | 0 |
_a616.07/9 _221 |
| 100 | 1 | _aSompayrac, Lauren. | |
| 245 | 1 | 0 |
_aHow the immune system works / _cLauren Sompayrac. |
| 260 |
_aMalden, Mass. : _bBlackwell Science, _c1999. |
||
| 300 |
_avii, 111 p. : _bill. (some col.) ; _c28 cm. |
||
| 500 | _aIncludes index. | ||
| 650 | 0 | _aImmune system. | |
| 650 | 0 | _aImmunity. | |
| 942 |
_2lcc _cBK _n0 |
||
| 999 |
_c3377 _d3377 |
||